00218as aa2200097a 44500090002000000245003900020041001300059260001900072942001200091999001700103 aSERIADASb0134410aAnimal Welfare Institute Quarterly0 aInglés aEstados Unidos cREVISTA c16687d16687